|
|
|
|
| LEADER |
00977nam a2200241 a 4500 |
| 001 |
c000347549 |
| 003 |
CARM |
| 005 |
00000000000000.0 |
| 008 |
851003s1969 sz a 00010 ger d |
| 019 |
1 |
|
|a 3974558
|5 LACONCORD2021
|
| 035 |
|
|
|a (OCoLC)216963926
|5 LACONCORD2021
|
| 040 |
|
|
|d VSL
|
| 100 |
1 |
|
|a Lommel, Andreas.
|
| 245 |
1 |
0 |
|a Fortschritt ins Nichts :
|b die Modernisierung der primitiven Australiens : Beschreibung und Definition eines psychischen Verfalls /
|c Andreas Lommel.
|
| 260 |
|
|
|a Zürich :
|b Atlantis,
|c 1969.
|
| 300 |
|
|
|a 197 p. :
|b ill. (some col., some fold.) ;
|c 25 cm.
|
| 650 |
|
0 |
|a Aboriginal Australians
|x Art.
|
| 650 |
|
0 |
|a Aboriginal Australians.
|
| 650 |
|
0 |
|a Aboriginal Australians
|x Religion.
|
| 852 |
8 |
|
|b CARM
|h A1:AP37E0
|i C09428
|p 0356798
|f BK
|
| 082 |
0 |
4 |
|a 709.011
|
| 999 |
f |
f |
|i 0bf6f449-d2a5-55ed-a85e-2bdb805cdb41
|s 740a52bc-6505-5fb6-919b-b986e751a7ca
|
| 952 |
f |
f |
|p Can circulate
|a CAVAL
|b CAVAL
|c CAVAL
|d CARM 1 Store
|e C09428
|f A1:AP37E0
|h Other scheme
|i book
|m 0356798
|